Análisis macroeconómico

Збережено в:
Бібліографічні деталі
Автор: Shapiro, Edward (Автор)
Формат: Книга
Мова:Іспанська
Опубліковано: Madrid ICE 1979
Редагування:3a. ed
Серія:Selección de Economía.Serie Plata
Предмети:
Теги: Додати тег
Немає тегів, Будьте першим, хто поставить тег для цього запису!

MARC

LEADER 00000nam a2200000 a 4500
001 UCT2741
003 CL-VaPUC
008 961011e19790000SP |||||||||||||||||spa|d
082 0 4 |a 339  |b SHA  |2 21 
100 0 |a Shapiro, Edward  |e author  |9 371754 
245 1 0 |a Análisis macroeconómico 
250 |a 3a. ed 
300 |a 547 p 
942 |c BK 
945 |d 19961011 00:00:00  |a rbrito 
260 |a Madrid  |b ICE  |c 1979 
650 0 |a Macroeconomía   |9 260301 
650 0 |a Teorías económicas  |9 270968 
650 0 |a Contabilidad   |9 261430 
650 0 |a Economía   |9 255568 
650 7 |a INGRESOS  |2 CL-VaPUC  |9 367979 
650 0 |a Análisis macroeconómico  |9 358711 
650 0 |a Inflación   |9 257218 
650 0 |a Capital   |9 263726 
650 0 |a Inversiones  |9 345867 
650 0 |a Consumo  |9 333893 
650 7 |a DEMANDA  |2 CL-VaPUC  |9 255172 
650 0 |a Gobierno   |9 255508 
650 0 |a Dinero  |9 314331 
650 7 |a INTERESES  |2 CL-VaPUC  |9 358017 
650 0 |a Trabajo y empleo  |9 315054 
650 0 |a Política monetaria  |9 258279 
650 0 |a Política fiscal  |9 317354 
583 |a last modification  |c 19961011 00:00:00  |k Rodrigo Vera 
490 0 |a Selección de Economía.Serie Plata 
999 |c 252716  |d 252714 
952 |0 0  |1 0  |4 0  |6 339_000000000000000_SHA_1979  |7 0  |8 P  |9 272763  |a BIBENE  |b BIBENE  |d 2019-11-19  |i 1945017  |o 339 SHA 1979  |p 1945017  |r 2025-01-15  |w 2019-11-19  |y BK  |k ICO